000 00470nab a2200145Ia 4500
003 ES-SlBCS
005 20210601132847.0
008 140529s1957 xxu||||| |||| 00| 0 ita d
041 _aita
100 1 _aViviani, Aristodemo
_9199595
245 0 0 _aIl realismo teistico integrale do Gaetano Capone Braga
_c Aristodemo Viviani
600 1 4 _aBraga, Gaetano Capone
_9199596
773 0 _tGiornali di Metafisica
_gvol. 12, nº. 2, 1957, págs. 200-222
_w0017-0372
942 _cAR
999 _c586800
_d586800